Problemas de física general: en un año olímpico

Salvato in:
Dettagli Bibliografici
Autore principale: Savirón, José M (Autore)
Natura: Libro
Lingua:spagnolo
Pubblicazione: Barcelona Reverté 1984
Soggetti:
Tags: Aggiungi Tag
Nessun Tag, puoi essere il primo ad aggiungerne!!

MARC

LEADER 00000nam a2200000 a 4500
001 UCX3956
003 CL-VaPUC
008 920129e19840000SP |||||||||||||||||spa|d
082 0 4 |a 530  |b SAV  |2 21 
100 0 |a Savirón, José M  |e author  |9 320135 
245 1 0 |a Problemas de física general: en un año olímpico 
300 |a 189 p 
942 |c BK 
945 |d 19920129 00:00:00 
260 |a Barcelona  |b Reverté  |c 1984 
650 7 |a FISICA PROBLEMAS, EJERCICIOS, ETC  |2 CL-VaPUC  |9 260230 
583 |a last modification  |c 19920129 00:00:00  |k Rodrigo Vera 
999 |c 224564  |d 224562 
952 |0 0  |1 0  |4 0  |6 530_000000000000000_SAV_1984  |7 0  |8 A  |9 221263  |a BIBCUR  |b BIBCUR  |d 2019-11-15  |i 3481174  |o 530 SAV 1984  |p 3481174  |r 2025-04-22  |w 2019-11-15  |y BK  |k FIS